Textbook of sound (Record no. 22927)

MARC details
000 -LEADER
fixed length control field 00270nam a2200121Ia 4500
082 ## - DEWEY DECIMAL CLASSIFICATION NUMBER
Classification number 534
Item number KHA
100 ## - MAIN ENTRY--AUTHOR NAME
Personal name Bedi, R S
245 #0 - TITLE STATEMENT
Title Textbook of sound
260 ## - PUBLICATION, DISTRIBUTION, ETC. (IMPRINT)
Place of publication Delhi
Name of publisher Atma Ram
Year of publication 1972
700 ## - ADDED ENTRY--PERSONAL NAME
Personal name D R
942 ## - ADDED ENTRY ELEMENTS (KOHA)
Koha item type Books
Holdings
Withdrawn status Lost status Damaged status Not for loan Home library Current library Date acquired Cost, normal purchase price Full call number Accession Number Koha item type
        RRII Library RRII Library 16/12/2021 12.00 534 KHA 03636 Books